[Event "Hong Kong op"]
[Site "Hong Kong"]
[Date "2023.12.26"]
[Round "4"]
[White "Buakird, Apichit"]
[Black "Siddharth, Sai"]
[Result "1-0"]
[WhiteElo "1971"]
[BlackElo "1603"]
[PlyCount "130"]
[EventDate "2023.12.24"]
[EventType "swiss"]
[EventRounds "9"]
[EventCountry "HKG"]
[SourceTitle "CB01_2024"]
[SourceDate "2024.01.03"]
[SourceVersion "1"]
[SourceVersionDate "2024.01.03"]
[SourceQuality "1"]

1. c4 Nf6 2. Nc3 e6 3. e4 d5 4. cxd5 exd5 5. e5 d4 6. exf6 dxc3 7. Bb5+ c6 8. Qe2+ Be6 9. Bc4 cxd2+ 10. Bxd2 Qxf6 11. Bc3 Qe7 12. 0-0-0 Qg5+ 13. Kb1 Qg4 14. Bxe6 Qxe2 15. Bxf7+ Kxf7 16. Nxe2 Be7 17. Rd3 Re8 18. Rhd1 Na6 19. Rf3+ Kg8 20. Rg3 g6 21. Nd4 Rad8 22. Re1 Bf6 23. Re6 Bxd4 24. Rxe8+ Rxe8 25. Bxd4 Nb4 26. Be3 b6 27. a3 Nd5 28. Bh6 Kf7 29. Rf3+ Ke6 30. Ka2 Re7 31. Kb3 Rf7 32. Rxf7 Kxf7 33. Kc4 Ke6 34. b4 Ke5 35. f3 Ke6 36. g3 Ke5 37. a4 Ke6 38. h4 Ke5 39. Bd2 Ke6 40. a5 Ke5 41. Bc1 Ke6 42. Bg5 Ke5 43. Bd2 Ke6 44. Kd4 Nf6 45. Be1 Kd6 46. g4 Ke6 47. Bg3 Nd5 48. Be1 Nf6 49. Kc4 Nd5 50. Bf2 Ke5 51. Bg3+ Ke6 52. Bb8 a6 53. Ba7 b5+ 54. Kc5 Kd7 55. Bb8 Kc8 56. Bd6 Kd7 57. Bf8 Kc7 58. Kd4 Kd7 59. Ke5 Ke8 60. Bc5 Kd7 61. f4 Nc3 62. f5 gxf5 63. gxf5 h5 64. f6 Ke8 65. Ke6 Nd5 1-0

[Event "Hong Kong op"]
[Site "Hong Kong"]
[Date "2023.12.25"]
[Round "2"]
[White "Buakird, Apichit"]
[Black "Yeo, Klaus Lucas"]
[Result "1-0"]
[WhiteElo "1971"]
[BlackElo "1439"]
[PlyCount "78"]
[EventDate "2023.12.24"]
[EventType "swiss"]
[EventRounds "9"]
[EventCountry "HKG"]
[SourceTitle "CB01_2024"]
[SourceDate "2024.01.03"]
[SourceVersion "1"]
[SourceVersionDate "2024.01.03"]
[SourceQuality "1"]

1. e4 e6 2. d4 d5 3. e5 c5 4. c3 Nc6 5. Nf3 Qb6 6. a3 cxd4 7. cxd4 Nh6 8. Nc3 Nf5 9. Be2 Bd7 10. Na4 Qd8 11. b4 Be7 12. Nc5 b6 13. Nxd7 Qxd7 14. 0-0 0-0 15. Bb2 a6 16. Bd3 f6 17. Qe2 fxe5 18. dxe5 a5 19. b5 Nd8 20. g4 Nh6 21. Kh1 Nb7 22. Nd4 Rf4 23. f3 Nc5 24. Bc2 Nf7 25. Rad1 Qc7 26. Rfe1 Bh4 27. Qe3 Bxe1 28. Qxf4 Bf2 29. Nc6 Rf8 30. Qd2 Bh4 31. f4 Nh6 32. Rg1 Qf7 33. f5 exf5 34. gxf5 Qh5 35. Qg2 g6 36. fxg6 hxg6 37. Bxg6 Qg5 38. Ne7+ Qxe7 39. Bf7+ Kxf7 1-0

[Event "THA-ch Rapid"]
[Site "Bangkok"]
[Date "2023.12.07"]
[Round "12"]
[White "Buakird, Apichit"]
[Black "Khumnorkaew, Tupfah"]
[Result "1-0"]
[WhiteElo "1883"]
[BlackElo "1897"]
[PlyCount "100"]
[EventDate "2023.12.05"]
[EventType "swiss (rapid)"]
[EventRounds "13"]
[EventCountry "THA"]
[SourceTitle "CB50_2023"]
[SourceDate "2023.12.13"]
[SourceVersion "1"]
[SourceVersionDate "2023.12.13"]
[SourceQuality "1"]

1. e4 c5 2. Nf3 Nc6 3. d4 cxd4 4. Nxd4 Nf6 5. Nc3 e5 6. Ndb5 d6 7. Nd5 Nxd5 8. exd5 Nb8 9. c4 a6 10. Nc3 Be7 11. Be3 0-0 12. Be2 f5 13. f3 Nd7 14. 0-0 Nf6 15. b4 f4 16. Bf2 Bf5 17. Bd3 Bd7 18. Rc1 Rc8 19. Ne4 Nxe4 20. Bxe4 b6 21. c5 Bb5 22. Re1 bxc5 23. bxc5 dxc5 24. a4 Be8 25. Qd3 Bxa4 26. Bxh7+ Kh8 27. Rxe5 Bb5 28. Qe4 Bg5 29. Bf5 Bf6 30. Bxc8 Bxe5 31. Qxe5 Qxc8 32. Rxc5 Qe8 33. Bd4 Qxe5 34. Bxe5 Rf7 35. d6 Bd7 36. Kf2 Kh7 37. Ke2 g5 38. Kd3 Kg6 39. Kd4 g4 40. Rc7 gxf3 41. gxf3 a5 42. Ke4 a4 43. Bxf4 a3 44. Be5 a2 45. f4 Rh7 46. Kd5 Kf5 47. Kc5 Ke6 48. Kb4 Rxh2 49. Ra7 Re2 50. Kb3 Re3+ 1-0

[Event "THA-ch Rapid"]
[Site "Bangkok"]
[Date "2023.12.07"]
[Round "10"]
[White "Buakird, Apichit"]
[Black "Laohawirapap, Prin"]
[Result "1-0"]
[WhiteElo "1883"]
[BlackElo "2332"]
[PlyCount "65"]
[EventDate "2023.12.05"]
[EventType "swiss (rapid)"]
[EventRounds "13"]
[EventCountry "THA"]
[SourceTitle "CB50_2023"]
[SourceDate "2023.12.13"]
[SourceVersion "1"]
[SourceVersionDate "2023.12.13"]
[SourceQuality "1"]

1. e4 c5 2. Nf3 d6 3. d4 cxd4 4. Nxd4 Nf6 5. Nc3 g6 6. Bc4 Bg7 7. f3 Nc6 8. Be3 h5 9. Qd2 Bd7 10. 0-0 0-0 11. Rac1 Rc8 12. Bb3 Na5 13. Nd5 b5 14. Nxe7+ Qxe7 15. Qxa5 d5 16. Rfe1 dxe4 17. Qxa7 Qd6 18. Qa5 Rfe8 19. Qd2 Rcd8 20. c3 h4 21. Qf2 h3 22. Rcd1 Qa6 23. Bg5 hxg2 24. fxe4 Re5 25. Qxg2 Bh3 26. Qg3 Bg4 27. Qxe5 Bxd1 28. Rxd1 Re8 29. Qc7 Rxe4 30. Qxf7+ Kh7 31. Bxf6 Rg4+ 32. Kh1 Qa8+ 33. Bd5 1-0

[Event "THA-ch Rapid"]
[Site "Bangkok"]
[Date "2023.12.05"]
[Round "4"]
[White "Buakird, Apichit"]
[Black "Saeheng, Boonsueb"]
[Result "1/2-1/2"]
[WhiteElo "1883"]
[BlackElo "2126"]
[PlyCount "217"]
[EventDate "2023.12.05"]
[EventType "swiss (rapid)"]
[EventRounds "13"]
[EventCountry "THA"]
[SourceTitle "CB50_2023"]
[SourceDate "2023.12.13"]
[SourceVersion "1"]
[SourceVersionDate "2023.12.13"]
[SourceQuality "1"]

1. e4 d6 2. d4 Nf6 3. Nc3 c6 4. f3 Qa5 5. Be3 e5 6. Qd2 Be7 7. Nge2 b5 8. Nc1 Qc7 9. a3 a6 10. Nb3 Nbd7 11. Be2 c5 12. d5 c4 13. Nc1 0-0 14. 0-0 h5 15. b3 Nb6 16. N1a2 Bd7 17. Rfc1 Rfc8 18. Rab1 Qd8 19. Qe1 Be8 20. Qf2 Nfd7 21. a4 cxb3 22. cxb3 bxa4 23. bxa4 Nc4 24. Bxc4 Rxc4 25. Rb4 Rac8 26. Qe2 Qc7 27. Rxc4 Qxc4 28. Qxc4 Rxc4 29. Rb1 Bf8 30. Rb7 Nc5 31. Bxc5 Rxc5 32. Rb8 Bd7 33. Rb7 Bc8 34. Rb6 g6 35. Kf2 f5 36. Rc6 Bd7 37. Rxc5 dxc5 38. Ke2 c4 39. Kd2 f4 40. Nc1 Bb4 41. Kc2 Kf7 42. Kb2 Ba5 43. N1e2 g5 44. Ka3 Ke7 45. Na2 Bd2 46. Nb4 a5 47. Na2 Kd6 48. Nac3 Kc5 49. Kb2 Be3 50. Kc2 g4 51. Nb5 Bxb5 52. axb5 Kxb5 53. Nc3+ Kc5 54. h3 gxh3 55. gxh3 Bd4 56. Na2 a4 57. Nc3 a3 58. Na2 h4 59. Nc1 Kb5 60. Na2 Bc5 61. Nc3+ Ka5 62. Na2 Bd4 63. Nc1 Kb6 64. Na2 Kb5 65. Nc1 Bb2 66. Ne2 Kc5 67. Nc3 Ba1 68. Na4+ Kb5 69. Nc3+ Kb6 70. Na2 Bd4 71. Nc3 Ka5 72. Na2 Kb6 73. Nc3 Kc5 74. Na2 Kd6 75. Nc3 Kd7 76. Na2 Kc7 77. Nb4 Kb6 78. Na2 Kc5 79. Nc3 Kb6 80. Na2 Bc5 81. Nc3 Ka5 82. Na2 Bd6 83. Nc3 Kb4 84. Na2+ Kc5 85. Nc3 Bc7 86. Ne2 Ba5 87. Nc3 Bb4 88. Ne2 Kb5 89. Nc3+ Kb6 90. Na4+ Ka5 91. Nc3 Bd6 92. Na2 Kb5 93. Nc3+ Kb4 94. Na2+ Kc5 95. Nc3 Bc7 96. Ne2 Ba5 97. Nc3 Kd4 98. Nb5+ Ke3 99. Nxa3 Kxf3 100. Nxc4 Kxe4 101. Nxa5 Kxd5 102. Kd3 e4+ 103. Ke2 Kd4 104. Nc6+ Kd5 105. Ne7+ Ke6 106. Ng6 Kf5 107. Nxh4+ Kg5 108. Nf3+ exf3+ 109. Kxf3 1/2-1/2

[Event "Bangkok Big Rook op"]
[Site "Bangkok"]
[Date "2023.05.07"]
[Round "6"]
[White "Buakird, Apichit"]
[Black "Charoenkwan, Pat"]
[Result "1-0"]
[WhiteElo "1983"]
[BlackElo "1660"]
[PlyCount "141"]
[EventDate "2023.05.04"]
[EventType "swiss"]
[EventRounds "7"]
[EventCountry "THA"]
[SourceTitle "CBM 214 Extra"]
[Source "ChessBase"]
[SourceDate "2023.07.31"]
[SourceVersion "1"]
[SourceVersionDate "2023.07.31"]
[SourceQuality "1"]

1. e4 e5 2. Nf3 Nf6 3. d4 Nxe4 4. Bd3 d5 5. dxe5 Be7 6. 0-0 0-0 7. c3 Bf5 8. Nd4 Bg6 9. f4 c5 10. f5 cxd4 11. fxg6 hxg6 12. cxd4 Nc6 13. Be3 Bg5 14. Qf3 Bxe3+ 15. Qxe3 Qb6 16. Nc3 Qxd4 17. Qxd4 Nxd4 18. Nxe4 dxe4 19. Bxe4 Rad8 20. Rf2 Rd7 21. Rc1 Re8 22. Rc5 Ne6 23. Rd5 Red8 24. Rfd2 Rxd5 25. Rxd5 Rxd5 26. Bxd5 Nd8 27. Kf2 Kf8 28. Ke3 Ke7 29. Kd4 b6 30. g3 Ne6+ 31. Kc4 Nc7 32. b4 f6 33. exf6+ gxf6 34. g4 Kd6 35. Bf7 g5 36. Kd4 Nb5+ 37. Ke4 Nc3+ 38. Kf5 Ke7 39. Bb3 Ne2 40. Ke4 Kd6 41. Bc4 Nc3+ 42. Kd4 Nd1 43. Bf1 Nf2 44. h3 Nd1 45. Bg2 Ke6 46. Bd5+ Kd6 47. a3 Nf2 48. Bg2 Nd1 49. Ke4 Nc3+ 50. Kf5 Ke7 51. Bf1 Nd5 52. Ke4 Kd6 53. Bc4 Ne7 54. Bf7 Nc8 55. Bd5 Ne7 56. Ba8 Ke6 57. Bb7 Kd6 58. Kd4 Ke6 59. Kc4 Kd6 60. Kb5 Kc7 61. Be4 Nc8 62. Ka6 Kb8 63. a4 Nd6 64. Bg6 Nc4 65. Bf5 Ne3 66. a5 Nxf5 67. gxf5 bxa5 68. bxa5 Ka8 69. Kb5 Kb7 70. a6+ Kc7 71. Kc5 1-0

[Event "Bangkok Big Rook op"]
[Site "Bangkok"]
[Date "2023.05.06"]
[Round "4"]
[White "Buakird, Apichit"]
[Black "Villanueva, Nelson"]
[Result "0-1"]
[WhiteElo "1983"]
[BlackElo "2188"]
[PlyCount "76"]
[EventDate "2023.05.04"]
[EventType "swiss"]
[EventRounds "7"]
[EventCountry "THA"]
[SourceTitle "CBM 214 Extra"]
[Source "ChessBase"]
[SourceDate "2023.07.31"]
[SourceVersion "1"]
[SourceVersionDate "2023.07.31"]
[SourceQuality "1"]

1. e4 c5 2. Nf3 d6 3. d4 cxd4 4. Nxd4 Nf6 5. Nc3 a6 6. Bg5 e6 7. f4 Be7 8. Qf3 h6 9. Bh4 Qc7 10. 0-0-0 b5 11. Bxf6 gxf6 12. f5 b4 13. Nb1 e5 14. Nb3 Bb7 15. N1d2 Nd7 16. Kb1 a5 17. Bb5 a4 18. Bxd7+ Kxd7 19. Na1 Rhc8 20. Rhe1 Ke8 21. Re3 Ra5 22. Nf1 Rc5 23. Re2 a3 24. b3 Rc3 25. Ne3 Qc5 26. Rdd2 Bd8 27. Qf2 Bb6 28. Nd1 Qxf2 29. Nxf2 Bxf2 30. Rxf2 Re3 31. Kc1 Re1+ 32. Rd1 Rxd1+ 33. Kxd1 Bxe4 34. g4 d5 35. Kd2 Ke7 36. h3 Rc3 37. Rh2 Rg3 38. Ke2 Rg1 0-1

[Event "Bangkok Big Rook op"]
[Site "Bangkok"]
[Date "2023.05.06"]
[Round "5"]
[White "Vongrungrot, Kritin"]
[Black "Buakird, Apichit"]
[Result "1/2-1/2"]
[WhiteElo "1186"]
[BlackElo "1983"]
[PlyCount "133"]
[EventDate "2023.05.04"]
[EventType "swiss"]
[EventRounds "7"]
[EventCountry "THA"]
[SourceTitle "CBM 214 Extra"]
[Source "ChessBase"]
[SourceDate "2023.07.31"]
[SourceVersion "1"]
[SourceVersionDate "2023.07.31"]
[SourceQuality "1"]

1. d4 d5 2. Nf3 Nf6 3. c4 c6 4. Nc3 e6 5. Bf4 Nbd7 6. e3 Be7 7. Bd3 b6 8. 0-0 Bb7 9. cxd5 cxd5 10. Rc1 a6 11. Na4 Rc8 12. Qd2 0-0 13. Rxc8 Qxc8 14. Rc1 Qa8 15. Ne5 Rc8 16. Nxd7 Nxd7 17. Bc7 b5 18. Nb6 Nxb6 19. Bxb6 Rxc1+ 20. Qxc1 Qc8 21. Qxc8+ Bxc8 22. a3 f6 23. f4 g6 24. Kf2 Kf7 25. b4 Bd6 26. Kf3 e5 27. fxe5 fxe5 28. dxe5 Bxe5 29. Bd4 Ke6 30. h4 Kf6 31. g4 Bxd4 32. exd4 h6 33. Kf4 g5+ 34. hxg5+ hxg5+ 35. Kf3 Be6 36. Be2 Bf7 37. Ke3 Be8 38. Kd2 Ke6 39. Kc3 Bg6 40. Bd3 Be4 41. Kd2 Kd6 42. Kc3 Kc6 43. Be2 Bb1 44. Kb2 Bg6 45. Kc3 Be4 46. Kb2 Kd6 47. Kc3 Bg2 48. Kb2 Kc6 49. Kc3 Kb6 50. Kb2 a5 51. Kc3 Be4 52. Kb2 Bg6 53. Kc3 a4 54. Kb2 Be4 55. Kc3 Kc6 56. Kb2 Bg6 57. Kc3 Be8 58. Kb2 Kd6 59. Kc3 Bd7 60. Kb2 Be8 61. Kc3 Kc6 62. Kb2 Bg6 63. Kc3 Be4 64. Kb2 Bg2 65. Kc3 Bh3 66. Kb2 Kd6 67. Kc3 1/2-1/2

[Event "Bangkok Big Rook op"]
[Site "Bangkok"]
[Date "2023.05.04"]
[Round "1"]
[White "Kusakulpiboon, Sirawich"]
[Black "Buakird, Apichit"]
[Result "0-1"]
[WhiteElo "1286"]
[BlackElo "1983"]
[PlyCount "56"]
[EventDate "2023.05.04"]
[EventType "swiss"]
[EventRounds "7"]
[EventCountry "THA"]
[SourceTitle "CBM 214 Extra"]
[Source "ChessBase"]
[SourceDate "2023.07.31"]
[SourceVersion "1"]
[SourceVersionDate "2023.07.31"]
[SourceQuality "1"]

1. e4 c5 2. Nf3 d6 3. d4 cxd4 4. Nxd4 Nf6 5. Nc3 a6 6. Bg5 Nbd7 7. f4 Qc7 8. Qf3 h6 9. Bh4 g5 10. fxg5 hxg5 11. Bxg5 Qc5 12. Bxf6 Nxf6 13. Nf5 Nxe4 14. Nxe4 Qxf5 15. Qxf5 Bxf5 16. Bd3 Bd7 17. 0-0-0 0-0-0 18. Kb1 Bh6 19. Bc4 Rdf8 20. Rhf1 f5 21. Nc3 Bg5 22. h3 Kb8 23. Rd5 Be6 24. Rd4 Be3 25. Bxe6 Bxd4 26. Nd5 Rh6 27. Re1 Be5 28. Nb6 Kc7 0-1

[Event "THA-ch 46th"]
[Site "Bangkok"]
[Date "2023.04.16"]
[Round "9"]
[White "Wongsawan, Thoetsak"]
[Black "Buakird, Apichit"]
[Result "1/2-1/2"]
[WhiteElo "1849"]
[BlackElo "1962"]
[PlyCount "82"]
[EventDate "2023.04.12"]
[EventType "swiss"]
[EventRounds "9"]
[EventCountry "THA"]
[SourceTitle "CBM 213 Extra"]
[Source "ChessBase"]
[SourceDate "2023.05.31"]
[SourceVersion "1"]
[SourceVersionDate "2023.05.31"]
[SourceQuality "1"]

1. e4 c5 2. Nc3 d6 3. Nge2 Nf6 4. d4 cxd4 5. Nxd4 a6 6. Nb3 e5 7. f3 h5 8. Be3 Be6 9. Nd5 Bxd5 10. exd5 Nbd7 11. Qd2 b6 12. Be2 g6 13. c4 Bg7 14. 0-0 Rc8 15. Rae1 0-0 16. h3 Nh7 17. Na1 a5 18. Nc2 Bf6 19. Na3 Bh4 20. Rb1 f5 21. Nb5 f4 22. Bf2 Bxf2+ 23. Rxf2 Nc5 24. b3 Ng5 25. Qc2 Qf6 26. Bd3 Kg7 27. a3 Nf7 28. b4 Nxd3 29. Qxd3 Qf5 30. Qxf5 gxf5 31. Rc2 Kf6 32. bxa5 bxa5 33. Na7 Rb8 34. Rb5 a4 35. Nc6 Rbc8 36. c5 dxc5 37. Rb6 Nd6 38. Na7 Rcd8 39. Nc6 Rc8 40. Na7 Rcd8 41. Nc6 Rc8 1/2-1/2

[Event "THA-ch 46th"]
[Site "Bangkok"]
[Date "2023.04.15"]
[Round "8"]
[White "Buakird, Apichit"]
[Black "Kulpruethanon, Thanadon"]
[Result "1/2-1/2"]
[WhiteElo "1962"]
[BlackElo "2244"]
[PlyCount "93"]
[EventDate "2023.04.12"]
[EventType "swiss"]
[EventRounds "9"]
[EventCountry "THA"]
[SourceTitle "CBM 213 Extra"]
[Source "ChessBase"]
[SourceDate "2023.05.31"]
[SourceVersion "1"]
[SourceVersionDate "2023.05.31"]
[SourceQuality "1"]

1. e4 c5 2. Nf3 Nc6 3. Nc3 g6 4. d4 cxd4 5. Nxd4 Bg7 6. Be3 Nf6 7. Bc4 0-0 8. Bb3 d6 9. f3 Qa5 10. Qd2 Nxd4 11. Bxd4 Be6 12. 0-0-0 b5 13. Kb1 b4 14. Nd5 Bxd5 15. exd5 Qb5 16. Qd3 Qxd3 17. Rxd3 Nd7 18. Bxg7 Kxg7 19. Re1 Kf6 20. Rde3 g5 21. Rxe7 Ne5 22. Rb7 Rfb8 23. Rxb8 Rxb8 24. c3 bxc3 25. bxc3 Nd3 26. Re3 Nc5 27. Kc2 h5 28. Bc4 h4 29. g3 hxg3 30. hxg3 Rh8 31. Be2 Rh3 32. g4 Rh8 33. c4 Rb8 34. Bd3 Rb6 35. Kc3 Ra6 36. Kb2 Rb6+ 37. Kc3 Ra6 38. Bb1 Ra3+ 39. Kd4 Rxe3 40. Kxe3 Ke7 41. f4 f6 42. fxg5 fxg5 43. Kd4 a5 44. Bg6 Kf6 45. Be8 Ke7 46. Bg6 Kf6 47. Be8 1/2-1/2

[Event "THA-ch 46th"]
[Site "Bangkok"]
[Date "2023.04.12"]
[Round "2"]
[White "Pantong, Tikampon"]
[Black "Buakird, Apichit"]
[Result "0-1"]
[WhiteElo "1533"]
[BlackElo "1962"]
[PlyCount "58"]
[EventDate "2023.04.12"]
[EventType "swiss"]
[EventRounds "9"]
[EventCountry "THA"]
[SourceTitle "CBM 213 Extra"]
[Source "ChessBase"]
[SourceDate "2023.05.31"]
[SourceVersion "1"]
[SourceVersionDate "2023.05.31"]
[SourceQuality "1"]

1. e4 c5 2. Nf3 d6 3. d4 cxd4 4. Nxd4 Nf6 5. Nc3 a6 6. Bc4 Nbd7 7. Bb3 e6 8. f4 b5 9. 0-0 Bb7 10. f5 e5 11. Nde2 Be7 12. Ng3 h5 13. Qf3 Nc5 14. Bg5 h4 15. Bxf6 Bxf6 16. Nh5 Nxb3 17. axb3 b4 18. Na4 Rc8 19. Qg4 Rxc2 20. Rac1 Qc7 21. Rce1 Ke7 22. Re2 a5 23. Rff2 Rc1+ 24. Rf1 Ba6 25. Rxc1 Qxc1+ 26. Kf2 Bxe2 27. Qxe2 Rc8 28. Qb5 Rc2+ 29. Kf3 Qd1+ 0-1

[Event "Penang op-A 14th"]
[Site "Penang"]
[Date "2022.12.23"]
[Round "8"]
[White "Buakird, Apichit"]
[Black "M Mohd Nur, Megat Muhd Irfan"]
[Result "1/2-1/2"]
[WhiteElo "1967"]
[BlackElo "1586"]
[PlyCount "80"]
[EventDate "2022.12.19"]
[EventType "swiss"]
[EventRounds "9"]
[EventCountry "MAS"]
[SourceTitle "CBM 211 Extra"]
[Source "ChessBase"]
[SourceDate "2023.01.31"]
[SourceVersion "1"]
[SourceVersionDate "2023.01.31"]
[SourceQuality "1"]

1. e4 c6 2. d4 d5 3. e5 Bf5 4. Nf3 e6 5. Be2 c5 6. Be3 Nc6 7. dxc5 a6 8. c3 Nge7 9. Qa4 Qa5 10. Qxa5 Nxa5 11. Nd4 Nac6 12. f4 Be4 13. Kf2 g5 14. Nd2 gxf4 15. Bxf4 Ng6 16. Be3 Ngxe5 17. Nxe4 dxe4 18. Nxc6 Nxc6 19. Rhd1 Ne7 20. Bh5 Nf5 21. b4 Bg7 22. Bd2 e3+ 23. Bxe3 Nxe3 24. Kxe3 Bxc3 25. Rab1 Ke7 26. Rd3 Be5 27. Rbd1 Rhd8 28. Rxd8 Rxd8 29. Rxd8 Kxd8 30. Bxf7 Ke7 31. Bg8 h6 32. Bh7 Kd7 33. Be4 Kc7 34. h3 Bc3 35. a3 Bb2 36. a4 Ba3 37. Kd4 Bxb4 38. Ke5 Bxc5 39. Kxe6 b5 40. axb5 axb5 1/2-1/2

[Event "Thailand Team op"]
[Site "Bangkok"]
[Date "2022.12.03"]
[Round "1.1"]
[White "Buakird, Apichit"]
[Black "Srisawang, Piroon"]
[Result "1-0"]
[WhiteElo "1967"]
[BlackElo "1511"]
[PlyCount "73"]
[EventDate "2022.12.03"]
[EventType "team-swiss"]
[EventRounds "9"]
[EventCountry "THA"]
[SourceTitle "CBM 211 Extra"]
[Source "ChessBase"]
[SourceDate "2023.01.31"]
[SourceVersion "1"]
[SourceVersionDate "2023.01.31"]
[SourceQuality "1"]
[WhiteTeam "Big Rook c5"]
[BlackTeam "The Rooky"]
[WhiteTeamCountry "THA"]
[BlackTeamCountry "THA"]

1. e4 c5 2. Nf3 Nc6 3. Bb5 g6 4. 0-0 Bg7 5. c3 e5 6. d4 cxd4 7. cxd4 exd4 8. Bg5 Qb6 9. Na3 Nge7 10. Nc4 Qc7 11. Qd2 0-0 12. Bf4 Qd8 13. Nd6 a6 14. Bd3 b5 15. b4 a5 16. a3 Ba6 17. Rfc1 Nc8 18. Rc5 Nxd6 19. Bxd6 Re8 20. Rac1 Re6 21. e5 f6 22. Rxc6 dxc6 23. Qa2 Qd7 24. Nxd4 Rae8 25. Rxc6 Kh8 26. Rxa6 Rxe5 27. h3 Re1+ 28. Kh2 Bf8 29. Nxb5 Bxd6+ 30. Rxd6 Qe7 31. Qb2 axb4 32. axb4 Qe5+ 33. Qxe5 R8xe5 34. Rxf6 Rd1 35. Rf3 Ree1 36. Nc3 Ra1 37. b5 1-0

[Event "Bangkok Olympiad Qual"]
[Site "Bangkok"]
[Date "2022.06.01"]
[Round "2"]
[White "Jingjang, Shin"]
[Black "Buakird, Apichit"]
[Result "1/2-1/2"]
[WhiteElo "1891"]
[BlackElo "1959"]
[PlyCount "113"]
[EventDate "2022.06.01"]
[EventType "tourn"]
[EventRounds "9"]
[EventCountry "THA"]
[SourceTitle "CBM 208 Extra"]
[Source "ChessBase"]
[SourceDate "2022.07.31"]
[SourceVersion "1"]
[SourceVersionDate "2022.07.31"]
[SourceQuality "1"]

1. d4 Nf6 2. Nf3 g6 3. Bg5 Bg7 4. Nbd2 d5 5. e3 0-0 6. Be2 b6 7. 0-0 Bb7 8. Rc1 Ne4 9. Bh4 c5 10. c3 Nd7 11. Qb3 Rc8 12. Rfd1 Nxd2 13. Nxd2 c4 14. Qc2 f5 15. f4 Bf6 16. Bxf6 exf6 17. g4 Qe7 18. Nf1 fxg4 19. Bxg4 f5 20. Bf3 Kh8 21. Qg2 Nf6 22. Qg5 b5 23. Rc2 Rce8 24. Rg2 Ne4 25. Bxe4 Qxg5 26. Rxg5 Rxe4 27. Kf2 Re6 28. Nd2 a5 29. h4 h5 30. Nf3 Bc6 31. Ne5 Be8 32. Ke2 Rff6 33. Rgg1 Rb6 34. Rb1 b4 35. Kd2 Rb7 36. b3 bxc3+ 37. Kxc3 Rfb6 38. Rb2 cxb3 39. Rxb3 a4 40. Rxb6 Rxb6 41. Kc2 Kg7 42. Rb1 Bb5 43. Rb4 Rb7 44. Kd2 a3 45. Nd3 Kf7 46. Nc1 Ke6 47. Ne2 Kd6 48. Nc3 Kc6 49. Nxb5 Rxb5 50. Kc3 Ra5 51. Rb3 Ra4 52. Rb4 Ra8 53. Rb3 Ra4 54. Rb4 Ra8 55. Rb3 Ra4 56. Rb4 Ra8 57. Rb3 1/2-1/2

[Event "THA-ch 45th"]
[Site "Ayutthaya"]
[Date "2022.04.10"]
[Round "6"]
[White "Kananub, Warot"]
[Black "Buakird, Apichit"]
[Result "1/2-1/2"]
[WhiteElo "2146"]
[BlackElo "1975"]
[PlyCount "107"]
[EventDate "2022.04.08"]
[EventType "swiss"]
[EventRounds "9"]
[EventCountry "THA"]
[SourceTitle "CBM 207 Extra"]
[Source "ChessBase"]
[SourceDate "2022.05.31"]
[SourceVersion "1"]
[SourceVersionDate "2022.05.31"]
[SourceQuality "1"]

1. d4 d5 2. c4 e6 3. g3 g6 4. Bg2 Bg7 5. Nf3 Nf6 6. 0-0 0-0 7. Qc2 b6 8. cxd5 exd5 9. Bf4 c6 10. Bxb8 Rxb8 11. Qxc6 Bd7 12. Qd6 Re8 13. Nc3 Rc8 14. e3 Bf8 15. Qf4 h6 16. Ne5 Be6 17. Rfc1 Kg7 18. Nb5 a6 19. Nc3 Bd6 20. Qf3 Bxe5 21. dxe5 Ng4 22. Nxd5 Nxe5 23. Qe4 Bxd5 24. Qxd5 Qxd5 25. Bxd5 Nd3 26. Rc3 Nxb2 27. Rb3 Na4 28. Bb7 Rc2 29. Bxa6 Rd8 30. Rb4 Nc5 31. Rxb6 Rdd2 32. Bf1 Ne4 33. Rb4 Ng5 34. Rf4 Ne6 35. Rc4 Rb2 36. a4 Rxf2 37. h4 Ra2 38. Rxa2 Rxa2 39. Bg2 Kf6 40. Bc6 Ke5 41. Be8 Kf6 42. Rc1 Ke7 43. Bb5 g5 44. h5 g4 45. Rc4 Ng5 46. Bc6 f5 47. Bg2 Kd6 48. Rc6+ Ke5 49. Rc5+ Kf6 50. Rc6+ Ke5 51. Rxh6 Ra1+ 52. Bf1 Nh3+ 53. Kg2 Ra2+ 54. Kh1 1/2-1/2

[Event "THA-ch 45th"]
[Site "Ayutthaya"]
[Date "2022.04.08"]
[Round "2"]
[White "Taulananda, Anon"]
[Black "Buakird, Apichit"]
[Result "1/2-1/2"]
[WhiteElo "1605"]
[BlackElo "1975"]
[PlyCount "89"]
[EventDate "2022.04.08"]
[EventType "swiss"]
[EventRounds "9"]
[EventCountry "THA"]
[SourceTitle "CBM 207 Extra"]
[Source "ChessBase"]
[SourceDate "2022.05.31"]
[SourceVersion "1"]
[SourceVersionDate "2022.05.31"]
[SourceQuality "1"]

1. d4 Nf6 2. c4 g6 3. Nc3 Bg7 4. e4 d6 5. Be2 0-0 6. Nf3 c5 7. d5 Nbd7 8. 0-0 Rb8 9. Bf4 Ng4 10. h3 Nge5 11. Nxe5 Nxe5 12. Qd2 Qb6 13. Rab1 f5 14. f3 Qb4 15. a3 Qb3 16. Qd1 Qxd1 17. Rbxd1 h6 18. g4 fxg4 19. fxg4 Bd7 20. Kg2 g5 21. Bg3 Ng6 22. Bd3 Be5 23. Bxe5 Nxe5 24. b4 Ng6 25. Ne2 Ba4 26. Rxf8+ Rxf8 27. Rf1 Rxf1 28. Kxf1 Ne5 29. Nc1 cxb4 30. axb4 Nxd3 31. Nxd3 b6 32. Ke2 Kf7 33. Ke3 Bc2 34. b5 Bxd3 35. Kxd3 Kg6 36. Ke3 Kf7 37. Kd3 Ke8 38. e5 Kf7 39. Kd4 Kg7 40. e6 Kf6 41. Ke4 Kg6 42. Kd4 Kf6 43. Ke4 Kg6 44. Kd4 Kf6 45. Ke4 1/2-1/2

[Event "Bangkok Asian Games qual"]
[Site "Bangkok"]
[Date "2022.01.09"]
[Round "9"]
[White "Buranasing, Wanawee"]
[Black "Buakird, Apichit"]
[Result "0-1"]
[WhiteElo "1599"]
[BlackElo "1983"]
[PlyCount "72"]
[EventDate "2022.01.04"]
[EventType "tourn"]
[EventRounds "9"]
[EventCountry "THA"]
[SourceTitle "EXT 2023"]
[Source "ChessBase"]
[SourceDate "2022.10.05"]
[SourceVersion "1"]
[SourceVersionDate "2022.10.05"]
[SourceQuality "1"]

1. d4 d5 2. c4 c6 3. Nf3 Nf6 4. g3 g6 5. Bg2 Bg7 6. 0-0 0-0 7. Ne5 Nbd7 8. cxd5 Nxd5 9. Nxd7 Bxd7 10. e4 Nb6 11. a4 a5 12. Nc3 Qc8 13. Bf4 Rd8 14. Rc1 Bg4 15. Qb3 Bxd4 16. Nd5 Nxd5 17. exd5 c5 18. Rfe1 Qd7 19. Be3 Rac8 20. f3 Bh3 21. Bxh3 Qxh3 22. Bxd4 cxd4 23. Qxb7 Rxc1 24. Rxc1 Qf5 25. Qxe7 Rxd5 26. Qe8+ Kg7 27. Rc8 Qxf3 28. Qf8+ Kf6 29. Rc6+ Kg5 30. Qe7+ f6 31. Qxh7 Qe3+ 32. Kg2 Qe4+ 33. Kg1 d3 34. Re6 d2 35. Rxe4 d1Q+ 36. Kg2 Rd2+ 0-1